British Culture #1 - Statistics

General Stats
  • This quiz has been taken 250 times
  • The average score is 7 of 10
Answer Stats
Question Answer % Correct
In which city would you find Tower Bridge? London
100%
Which creature appears on the flag of Wales? Dragon
90%
In the abbreviation NHS, what does the 'H' stand for? Health
87%
Which British playwright was known as ‘The Bard of Avon’? William Shakespeare
81%
Which pianist performed at the funeral of Diana, Princess of Wales? Elton John
77%
Which public servants are sometimes known as ‘bobbies on the beat’? Police Officers
72%
Silverstone and Brands Hatch are established venues for which sport? Motor Racing
67%
Melton Mowbray, Leicestershire, is associated with which type of pies? {Pork} Pies
55%
How are the fictional characters Julian, Dick, Anne, Georgina & Timmy the dog collectively known? The Famous Five
51%
Which comedy duo were sometimes affectionately called Eric and Ernie? Morecambe and Wise
35%
No matching quizzes found
Score Distribution
Percent of People with Each Score
Percentile by Number Answered
Your Score History
You have not taken this quiz